000 01106nam a2200325 4500
001 1581
003 BD-RjUL
005 20211208233349.0
008 131208s1961 enk 001 0 eng d
035 _a(BD-RjUL)1606
035 _a(OCoLC)169530
040 _aURB
_dEUX
_beng
_cBD-RjUL
041 _aeng
082 _216
_a170
_bMAP 1961
100 1 _aMacmurray, John,
_d1891-1976
_95219
245 1 0 _aPersons in relation :
_bbeing the Gifford Lectures delivered in the University of Glasgow in 1954 /
_cby John Macmurray.
260 _aLondon :
_bFaber and Faber,
_c1961.
300 _a235 p. ;
_c23 cm.
490 1 _aGifford lectures ;
_v1954
490 1 _aThe form of the personal ;
_vv. 2
500 _a"This is the second volume of Professor John Macmurray's Gifford Lectures, 1953-54 given under the title The form of the personal." -- facing t.p.
526 _bPsychology
650 0 _aPersons.
_95220
650 0 _aPhilosophy.
_95221
830 0 _v1954
_95242
830 0 _vv. 2
_95243
830 0 _aGifford lectures ;
_95244
830 0 _aThe form of the personal ;
_95245
942 _2ddc
_cBK
999 _c1581
_d1581